El círculo vicioso de la desigualdad (Registro nro. 49240)
[ vista simple ]
| 000 -CABECERA | |
|---|---|
| Longitud fija campo de control | 00907naa a2200253 c 4500 |
| 001 - NÚMERO DE CONTROL | |
| Número de control | 49240 |
| 003 - IDENTIFICADOR DE NÚMERO DE CONTROL | |
| Identificador del número de control | ES-MaCES |
| 005 - FECHA Y HORA DE LA ÚLTIMA TRANSACCIÓN | |
| Fecha y hora de la última transacción | 20170419135135.0 |
| 008 - CAMPO FIJO DE DESCRIPCIÓN FIJA--INFORMACIÓN GENERAL | |
| Códigos de información de longitud fija | 170419s2017 sp ||||| t||||||| ||spa d |
| 040 ## - FUENTE DE CATALOGACIÓN | |
| Centro catalogador de origen | ES-MaCES |
| Lengua de catalogación | spa |
| Centro transcriptor | ES-MaCES |
| Centro modificado | ES-MaCES |
| 100 1# - ENCABEZAMIENTO PRINCIPAL--NOMBRE PERSONAL | |
| 9 (RLIN) | 38066 |
| Nombre de persona | Vilnitzky, Mariana |
| 245 13 - MENCIÓN DE TÍTULO | |
| Título | El círculo vicioso de la desigualdad |
| Mención de responsabilidad, etc. | Mariana Vilnitzky |
| 650 #4 - ASIENTO SECUNDARIO DE MATERIA--TÉRMINO DE MATERIA | |
| 9 (RLIN) | 28657 |
| Término de materia o nombre geográfico como elemento inicial | mujeres |
| 650 #4 - ASIENTO SECUNDARIO DE MATERIA--TÉRMINO DE MATERIA | |
| 9 (RLIN) | 28413 |
| Término de materia o nombre geográfico como elemento inicial | trabajadora |
| 650 #4 - ASIENTO SECUNDARIO DE MATERIA--TÉRMINO DE MATERIA | |
| 9 (RLIN) | 27816 |
| Término de materia o nombre geográfico como elemento inicial | licencia de maternidad |
| 650 #4 - ASIENTO SECUNDARIO DE MATERIA--TÉRMINO DE MATERIA | |
| 9 (RLIN) | 27303 |
| Término de materia o nombre geográfico como elemento inicial | conciliación |
| 650 #4 - ASIENTO SECUNDARIO DE MATERIA--TÉRMINO DE MATERIA | |
| 9 (RLIN) | 27318 |
| Término de materia o nombre geográfico como elemento inicial | familia |
| 650 #4 - ASIENTO SECUNDARIO DE MATERIA--TÉRMINO DE MATERIA | |
| 9 (RLIN) | 29521 |
| Término de materia o nombre geográfico como elemento inicial | discriminación por razones de sexo |
| 650 #4 - ASIENTO SECUNDARIO DE MATERIA--TÉRMINO DE MATERIA | |
| 9 (RLIN) | 30147 |
| Término de materia o nombre geográfico como elemento inicial | igualdad de trato |
| 653 10 - TÉRMINO DE INDEXACIÓN--NO CONTROLADO | |
| Término no controlado | Mujer |
| 773 0# - ENTRADA DE DOCUMENTO FUENTE | |
| Itemnumber del ítem fuente | 85867 |
| Lugar, editor y fecha de publicación | Barcelona Alternativas Económicas SCCL D.L. 2013- |
| Otro identificador del documento | 088765 |
| Título | Alternativas económicas |
| Número de control del registro relacionado | (ES-MaCES)45016 |
| Parte(s) relacionada(s) | n. 45 (marzo 2017) {55/1126 R. 088765} ;p. 40-44 |
| 902 ## - CES. TIPO DE DOCUMENTO | |
| Tipodoc (006$c Sirtex) | ART Artículo de revista |
| 942 ## - ELEMENTOS KOHA | |
| Fuente de clasificaión o esquema | Clasificación propia del CES |
| Koha [por defecto] tipo de item | Artículos (1982-2017) |
| Parte de clasificación | Asuntos Sociales |
No hay ítems disponibles.
